000 00437nam a22001457a 4500
999 _c16945
_d16945
008 180709b xxu||||| |||| 00| 0 eng d
020 _a0071241337
050 _aRC952
_b.A1C87
245 _aCurrent Geriatric Diagnosis and Treatment
_cedid by Seth... [et al]
250 _aInternational edition
260 _aBoston
_bMcGrawHill
_c2004
300 _axiii,558p.
650 _aGeriatrics
_vperiodicals
942 _2lcc
_cBK
_hRC952